• 首页
  • 本馆介绍
  • 公告通知
  • 最新文献
  • 馆藏检索
  • 电子资源
  • 读者导购
  • 参考咨询
  • 我的图书馆
  • 登录
  • 详细信息显示
  • 放入我的书架
  • 预约/预借图书
  • 作者相关作品
  • 分类相关作品
  • 丛书相关作品
  • 出版社相关作品

书目信息

  • 表格格式
  • 工作单格式
  • 卡片格式
题名:
全球最美的地方特辑
    
 
作者: ;图行世界编辑部 编著
分册:   英国
出版信息: 北京   中国旅游出版社  2013
页数: 241页
开本: 23cm
丛书名:
单 册:
中图分类: K919.1 , K956.19
科图分类:
主题词: 旅游指南--世界 , 旅游指南--英国
电子资源:
ISBN: 978-7-5032-4473-5
000 01049nam0 2200277 450
001 338557
005 20150602173338.09
010    @a978-7-5032-4473-5@dCNY39.80
100    @a20130208d2013 em y0chiy50 ea
101 0  @achi
102    @aCN@b110000
105    @aa z 000yy
106    @ar
200 1  @a全球最美的地方特辑@Aquan qiu zui mei de di fang te ji@i英国@iUnited Kingdom@d= The most beautiful places the world@f《图行世界》编辑部编著@zeng
210    @a北京@c中国旅游出版社@d2013
215    @a241页@c彩图@d23cm
300    @a图行世界系列图书 全彩攻略增强版
330    @a本书是一本英国旅游指南, 介绍了英国各地值得一看的风景名胜。其内容包括: 英国四季最佳旅行地排行榜、解读英国的20个文化符号、英国最美城市、英国最美乡野·田园风光等。
510 1  @aMost beautiful places the world@iUnited Kingdom@zeng
606 0  @a旅游指南@y世界
606 0  @a旅游指南@y英国
690    @aK919.1@v5
690    @aK956.19@v5
711 02 @a图行世界编辑部@Atu xing shi jie bian ji bu@4编著
801  0 @aCN@b卓展宏图@c20150525
905    @dK919.1@e225@f4
    
    全球最美的地方特辑.英国.United Kingdom= The most beautiful places the world/《图行世界》编辑部编著.-北京:中国旅游出版社,2013
    241页:彩图;23cm
    图行世界系列图书 全彩攻略增强版
    
    ISBN 978-7-5032-4473-5:CNY39.80
    本书是一本英国旅游指南, 介绍了英国各地值得一看的风景名胜。其内容包括: 英国四季最佳旅行地排行榜、解读英国的20个文化符号、英国最美城市、英国最美乡野·田园风光等。
●
相关链接 在E读中查询图书 在五车中查询图书 在当当中查询图书 在豆瓣中查询图书


正题名:全球最美的地方特辑     索取号:K919.1/225         预约/预借

序号 登录号 条形码 馆藏地/架位号 状态 备注
1 862658   208626584   第二样本阅览室/ [索取号:K919.1/225] 在馆    
2 862659   208626593   密集书库-资源管理系/ [索取号:K919.1/225] 在馆    
3 862660   208626600   第二借阅区/ [索取号:K919.1/225] 在馆    
4 862661   208626619   第二借阅区/ [索取号:K919.1/225] 在馆    
唐山师范学院图书馆 欢迎您!
大连网信软件有限公司© 版权所有